| 000 | 00810nam a2200205Ia 4500 | ||
|---|---|---|---|
| 003 | GCL | ||
| 008 | 140319s9999 xx 000 0 ara d | ||
| 040 |
_aGCL / _cGCL |
||
| 082 | 0 | 4 |
_a812.009 _bس م |
| 100 | 1 | _aسيد على اسماعيل | |
| 245 | 1 | 0 |
_aالموسم المسرحى 1923 : _bالجزء الثانى من اول يوليو حتى اخر ديسمبر / _cسيد على اسماعيل |
| 250 | _aالاولى | ||
| 260 |
_aالقاهرة : _bالمركز القومى للمسرح والموسيقى ، _c2005 |
||
| 300 |
_a509ص ؛ _c24سم |
||
| 490 |
_aسلسلة توثيق التراث المسرحى _v13 |
||
| 650 | 0 | 4 | _aالمسرح المصرى |
| 650 | 0 | 4 | _aالمسرحيات العربية |
| 650 | 0 | 4 | _aالمسرحيات العربية - تاريخ ونقد |
| 942 |
_2ddc _cBK |
||
| 999 |
_c7655 _d7655 |
||